| 000 | 00549nam a2200181 i 4500 | ||
|---|---|---|---|
| 001 | 23109 | ||
| 003 | ES-MaACL | ||
| 005 | 20230906152822.0 | ||
| 007 | t| | ||
| 008 | 021209s1970 sp ||||1| spa d | ||
| 100 | 1 |
_aAloi, Felice. _920171 |
|
| 245 | 1 | 3 |
_aEl control presupuestario / _cFelice Aloi ; [traducción de: Cecilio Sánchez Gil]. |
| 260 |
_a[Salamanca] : _bAnaya, _c1970. |
||
| 300 |
_a183 p. ; _c18 cm. |
||
| 500 | _aPágs. 3, 8,9, 12, 13 en blanco. | ||
| 700 | 1 |
_aSánchez Gil, Cecilio. _9102671 |
|
| 852 |
_aES-MaACL _jC-42526 _bR.74200 |
||
| 999 |
_c23109 _d23109 |
||